01251nam a2200349 i 4500003001000000005001700010007000300027008004100030020001800071040003500089041000800124043001200132084001100144100004600155245007300201250002200274264004400296300006400340336002700404337003300431338002800464490002300492521006100515545007800576650005100654650005000705650003900755650002900794700004800823942001500871999001500886CO-BoRNBP20220317001923.0ta201123s2017 ck a br 000 j spa d a9789588954417 aCO-BoRNBPbspaerdacCO-BoRNBP0 aspa as-ag--- aC AND81 aAndruetto, María Teresad1954- eautora14aLos ahogadoscMaría Teresa Andruetto, ilustrado por Daniel Rabanal aPrimera edición 1aBogotá, Colombia bBabel Librosc2017 a48, [19] páginas bilustraciones en blanco y negroc22 cm atextobtxt2rdacontent asin mediaciónbn2rdamedia avolumenbnc2rdacarrier0 aFrontera ilustrada aRecomendado para un público infantil mayor de 9 años aIncluye datos biográficos de la autora e ilustrador al inicio del texto172LEMBaCuentos infantiles argentinosySiglo XX 172LEMBaLiteratura infantil argentinaySiglo XX172LEMBaAutores argentinosySiglo XX172LEMBaDictaduravCuentos1 aRabanal, Danield1949- eilustrador9200761 2loccBKLIT c8546d8546